Baltimore - Choix multiples - Statistiques

Statistiques générales
  • Ce quiz a été pris 7 fois
  • Le résultat moyen est 6 sur 10
Statistiques - réponses
Question Réponse % Correct
Reconnaissez-vous Baltimore sur l'une des photographies suivantes ?
86%
Quel acteur né à Baltimore est connu pour son rôle de Mitch Buchannon dans la série Alerte à Malibu ? David Hasselhoff
86%
Dans quel État des États-Unis d'Amérique se situe Baltimore ? Le Maryland
86%
Quel acteur joua le rôle d'Hannibal Lecter, psychopathe emprisonné à l'hôpital psychiatrique de Baltimore ? Sir Anthony Hopkins
86%
Quel peuple français d'Amérique a vu plusieurs familles déportées à Baltimore entre 1755 et 1763, où ils se sont maintenus et ont fondé le quartier "French Town" ? Les Acadiens
57%
Par quel qualificatif désignait-on les prêtres de la Révolution française qui ont refusé de prêter serment à la constitution civile du clergé et dont plusieurs s'exilèrent à la French Town de Baltimore ? Les prêtres réfractaires
57%
Parmi ces champions de base-ball, lequel naquit à Baltimore ? Babe Ruth
43%
John Carroll était l'évêque de Baltimore et le premier évêque de l'histoire des États-Unis d'Amérique. Qu'a-t-il refusé de faire dans son serment ? Extirper les hérétiques
29%
Quelle autre révolution contemporaine de la révolution française a provoqué l'exil de plusieurs centaines de francophones vers la French Town de Baltimore ? La révolution haïtienne
29%
Quel écrivain féminin canadien a écrit les mots suivants ?

"Baltimore regorgeait de fleurs et d'oiseaux qui les embaumaient de mots d'amour."
Antonine Maillet
14%
Aucun quiz correspondant
Distribution des résultats
% des personnes avec chaque résultat
Percentile par nombre de réponses
Votre historique - résultats
Vous n’avez pas pris ce quiz